ბათუმის შოთა რუსთაველის სახელმწიფო უნივერსიტეტის ბიბლიოთეკა

ლაზური ხალხური პოეზია (ბიბ.ჩანაწერი № 49817)

000 -LEADER
fixed length control field 00664nam a2200217Ia 4500
001 - CONTROL NUMBER
control field 16752
003 - CONTROL NUMBER IDENTIFIER
control field GE_BSU
008 - FIXED-LENGTH DATA ELEMENTS--GENERAL INFORMATION
fixed length control field 181216s||||||||xx |||||||||||||| ||und||
040 ## - CATALOGING SOURCE
Transcribing agency GE_BSU
080 ## - UNIVERSAL DECIMAL CLASSIFICATION NUMBER
Universal Decimal Classification number 821.353.31-91-1
100 ## - MAIN ENTRY--PERSONAL NAME
Personal name თანდილავა, ზურაბ
245 ## - TITLE STATEMENT
Title ლაზური ხალხური პოეზია
245 ## - TITLE STATEMENT
Statement of responsibility, etc. რედ. მ.ჩიქოვანი
260 ## - PUBLICATION, DISTRIBUTION, ETC.
Place of publication, distribution, etc. ბათუმი
260 ## - PUBLICATION, DISTRIBUTION, ETC.
Name of publisher, distributor, etc. საბჭ. აჭარა
260 ## - PUBLICATION, DISTRIBUTION, ETC.
Date of publication, distribution, etc. 1972
300 ## - PHYSICAL DESCRIPTION
Extent 171გვ. ; 16სმ
653 ## - INDEX TERM--UNCONTROLLED
Uncontrolled term ლაზური ხალხური პოეზია.
653 ## - INDEX TERM--UNCONTROLLED
Uncontrolled term პოეზია
942 ## - ADDED ENTRY ELEMENTS (KOHA)
Koha item type წიგნი
ეგზემპლარები
Withdrawn status Lost status Damaged status Not for loan Date acquired Barcode Date last seen Price effective from Koha item type
        2018-12-17 22204 2018-12-17 2018-12-17 წიგნი
        2018-12-17 22205 2018-12-17 2018-12-17 წიგნი
        2018-12-17 22206 2018-12-17 2018-12-17 წიგნი